Normal view MARC view
  • CHATTERJEE, C.C. AND JOHN, NITIN ASHOK

Entry Personal Name

Number of records used in: 1

001 - CONTROL NUMBER

  • control field: 7235

003 - CONTROL NUMBER IDENTIFIER

  • control field: OSt

005 - DATE AND TIME OF LATEST TRANSACTION

  • control field: 20220225162916.0

008 - FIXED-LENGTH DATA ELEMENTS

  • fixed length control field: 220225|| aca||aabn | a|a d

040 ## - CATALOGING SOURCE

  • Original cataloging agency: OSt
  • Transcribing agency: OSt

100 ## - HEADING--PERSONAL NAME

  • Personal name: CHATTERJEE, C.C. AND JOHN, NITIN ASHOK

670 ## - SOURCE DATA FOUND

  • Source citation: Work cat.: (OSt): CHATTERJEE, C.C. AND JOHN, NITIN ASHOK, HUMAN PHYSIOLOGY [VOL-1], 2018